[Event "ICS rated blitz match"]
[Site "207.99.83.227"]
[Date "1999.05.12"]
[Round "?"]
[White "KleineMaus"]
[Black "Hossa"]
[Result "0-1"]
[WhiteElo "2414"]
[BlackElo "2457"]
[PlyCount "76"]

1. Nc3 d5 2. e4 d4 3. Nce2 e5 4. Ng3 Nf6 5. Bc4 Bd6 6. Nf3 O-O 7. O-O Be6 8. b3
Nbd7 9. d3 c6 10. a3 Nb6 11. Nh4 Nxc4 12. bxc4 Bg4 13. f3 Be6 14. Nhf5 b5 15.
cxb5 cxb5 16. Nxd6 Qxd6 17. f4 Bg4 18. Qe1 Rac8 19. fxe5 Qxe5 20. Bf4 Qc5 21.
Rf2 Bd7 22. Qd2 Ng4 23. Re2 Rfe8 24. h3 Ne5 25. Nf5 Bxf5 26. exf5 Nd7 27. Rae1
Rxe2 28. Qxe2 Qxa3 29. Bg5 Qb2 30. f6 Rxc2 31. Qg4 h5 32. Qg3 Re2 33. Rf1 g6
34. Rc1 Nxf6 35. Rc8+ Ne8 36. Bf4 h4 37. Qg4 Re1+ 38. Kh2 38... Qf2 {
KleineMaus resigns} 0-1

[Event "ICS rated blitz match"]
[Site "207.99.83.227"]
[Date "1999.05.12"]
[Round "?"]
[White "Hossa"]
[Black "Chemberlen"]
[Result "1-0"]
[WhiteElo "2471"]
[BlackElo "2395"]
[PlyCount "113"]

1. e4 c6 2. d4 d5 3. Nc3 dxe4 4. Nxe4 Bf5 5. Ng3 Bg6 6. Nf3 Nf6 7. Bd3 e6 8.
Bxg6 hxg6 9. Bg5 Nbd7 10. Qd3 Be7 11. O-O-O Qa5 12. Bxf6 Nxf6 13. Qb3 Qb6 14.
Qc4 Nd5 15. Ne4 O-O-O 16. Ne5 Rhf8 17. Rhe1 Qb4 18. Qxb4 Nxb4 19. Kb1 Nd5 20.
c4 Nb6 21. f4 Bf6 22. c5 Bxe5 23. dxe5 Nd5 24. Nd6+ Kc7 25. Rd4 Rd7 26. a3 Rh8
27. h3 Rh4 28. Ree4 b6 29. Ra4 Kb8 30. cxb6 axb6 31. Ra6 Rxf4 32. Rxf4 Nxf4 33.
Rxb6+ Ka7 34. Rxc6 Nxg2 35. b3 Nf4 36. b4 Nd3 37. Nc4 Kb7 38. Rd6 Nxe5 39.
Rxd7+ Nxd7 40. Nd6+ Kc6 41. Nxf7 e5 42. Kc2 e4 43. Ng5 Kd5 44. Kc3 Nb6 45. Kb3
e3 46. a4 e2 47. Nf3 Ke4 48. Ne1 Ke3 49. a5 Nd5 50. a6 Kd2 51. a7 Nb6 52. Ng2
g5 53. b5 e1=Q 54. Nxe1 Kxe1 55. Kb4 Kf2 56. Ka5 Na8 57. b6 {Chemberlen resigns
} 1-0

[Event "ICS rated blitz match"]
[Site "207.99.83.227"]
[Date "1999.05.12"]
[Round "?"]
[White "Chemberlen"]
[Black "Hossa"]
[Result "0-1"]
[WhiteElo "2380"]
[BlackElo "2484"]
[PlyCount "84"]

1. d4 Nf6 2. c4 d6 3. Nc3 Nbd7 4. e4 e5 5. Nf3 Be7 6. Be2 O-O 7. O-O c5 8. dxe5
dxe5 9. Nd2 Qa5 10. Nd5 Bd6 11. Qc2 Rd8 12. Nb1 b6 13. Nbc3 Bb7 14. Bg5 Nxd5
15. Nxd5 f6 16. Be3 Nb8 17. Rad1 Nc6 18. Bg4 Nd4 19. Bxd4 cxd4 20. a3 Qc5 21.
b4 Qc6 22. Qb3 Kh8 23. Rd3 a5 24. Rh3 Rf8 25. Bf5 h6 26. Qg3 Bc8 27. Bxc8 Raxc8
28. Qg4 axb4 29. axb4 Ra8 30. Qg6 Ra7 31. Rc1 Qe8 32. Qf5 Ra2 33. Rb3 Qa4 34.
Qf3 f5 35. exf5 Ra1 36. Rbb1 Rxb1 37. Rxb1 Qc2 38. Qb3 Qxf5 39. Rf1 Rb8 40. Qa4
e4 41. Qc6 Qe6 42. c5 42... Bxh2+ {Chemberlen resigns} 0-1

[Event "ICS rated blitz match"]
[Site "207.99.83.227"]
[Date "1999.05.12"]
[Round "?"]
[White "Hossa"]
[Black "totoff"]
[Result "1-0"]
[WhiteElo "2495"]
[BlackElo "2154"]
[PlyCount "79"]

1. e4 e6 2. Nf3 c5 3. Nc3 a6 4. Be2 Nc6 5. d4 cxd4 6. Nxd4 Qc7 7. O-O Nf6 8.
Bg5 Be7 9. Qd2 h6 10. Be3 O-O 11. Rad1 b5 12. Nxc6 dxc6 13. Bf4 e5 14. Bxh6
gxh6 15. Qxh6 Nh7 16. Rd3 Bf6 17. a3 Be6 18. Rf3 Qe7 19. Rg3+ Kh8 20. Rd1 Rad8
21. Rgd3 Rxd3 22. Bxd3 Bg7 23. Qe3 Rg8 24. Qb6 Qg5 25. Bf1 Bf6 26. Qxc6 Bc4 27.
g3 Bxf1 28. Rxf1 Qg4 29. Qxa6 Qf3 30. Qxb5 Ng5 31. Qd7 Kg7 32. h4 Ne6 33. Qd1
Qxd1 34. Nxd1 Nd4 35. Ne3 Rb8 36. b3 Rc8 37. Ra1 Be7 38. Kh2 Kf6 39. Ra2 Ra8
40. Nd5+ {totoff resigns} 1-0

[Event "ICS rated blitz match"]
[Site "207.99.83.227"]
[Date "1999.05.12"]
[Round "?"]
[White "Chemberlen"]
[Black "Hossa"]
[Result "1-0"]
[WhiteElo "2356"]
[BlackElo "2499"]
[Annotator "Crafty v16.6"]
[PlyCount "139"]

{annotating for player ossa using a scoring margin of +0.20 pawns. search time
limit is 1:00} 1. e4 1... e5 2. Nf3 Nf6 3. Nxe5 Qe7 4. d4 d6 5. Nf3 Qxe4+ 6.
Be2 Bf5 7. c4 Nc6 ({10:-0.68} 7... Nc6 8. Nc3 Qe7 9. Nd5 Qd7 10. Nxf6+ gxf6 11.
O-O O-O-O 12. Re1 Re8 13. Bf4 $14) ({10:-0.21} 7... Be7 8. Nc3 Qc2 9. O-O Qxd1
10. Rxd1 O-O 11. Nh4 Be6 12. Bg5 12... Nbd7 $10) 8. Nc3 Qc2 9. Qxc2 Bxc2 10. d5
Ne5 11. Nxe5 dxe5 12. Be3 O-O-O 13. O-O Kb8 14. Rac1 Bf5 15. Rfd1 Ng4 16. Bxg4
Bxg4 17. f3 Bd7 18. c5 Be8 19. b4 f6 20. b5 f5 ({11:-0.46} 20... f5 21. b6 cxb6
22. cxb6 a6 23. Re1 Bb4 24. Bg5 Bxc3 25. Bxd8 Bxe1 26. Rxe1 $14) ({11:-0.03} 
20... b6 21. c6 Bb4 22. Ne4 Bf7 23. Rb1 Ba5 24. d6 Bxa2 25. Ra1 Bc4 26. dxc7+
26... Kxc7 $10) 21. a4 Be7 22. a5 f4 23. Bf2 Bg6 24. Ne4 Bxe4 25. fxe4 a6 ({
10:-1.65} 25... a6 26. b6 c6 27. d6 Bf6 28. Kf1 Rd7 29. Ke2 Rhd8 30. Rf1 $18) (
{10:-1.39} 25... g5 26. a6 bxa6 27. bxa6 Ka8 28. Rb1 g4 29. Rb7 g3 30. hxg3
fxg3 31. Be3 $16) 26. Rb1 axb5 ({12:-2.06} 26... axb5 27. Rxb5 c6 28. Rb6 cxd5
29. exd5 Kc8 30. d6 Rd7 31. Rdb1 Bf8 32. c6 Rxd6 33. cxb7+ Kb8 34. Rxd6 34...
Bxd6 $18) ({12:-1.68} 26... Ka8 27. b6 c6 28. d6 Bf6 29. Kf1 Rd7 30. Ke2 Rhd8
31. Rf1 Kb8 32. Rbe1 $18) 27. Rxb5 c6 28. Rb6 cxd5 29. exd5 Kc8 30. d6 Bf6 31.
Rdb1 Kd7 32. Rxb7+ Ke6 33. R1b6 e4 34. d7+ Kf5 35. c6 e3 36. Be1 e2 37. Rb3 Ke6
38. a6 Kd6 39. c7 Bd4+ 40. Kh1 Rxd7 41. Rd3 Rxc7 42. Rxd4+ Kc5 43. Rxf4 Rxb7
44. axb7 Rb8 45. Rf7 Kc6 46. Rxg7 h5 47. Kg1 Rf8 48. Bf2 Rd8 49. g3 Rb8 50. Kg2
Rxb7 51. Rxb7 Kxb7 52. Kf3 Kc7 53. Kxe2 Kd6 54. Kf3 Ke6 55. h4 Kd5 56. Kf4 Kd6
57. Kg5 Ke6 58. Kxh5 Kf7 59. g4 Ke6 60. g5 Kd5 61. g6 Ke4 62. g7 Ke5 63. g8=Q
Kd6 64. Qc4 Ke5 65. Bg3+ Kf6 66. Qd5 Ke7 67. Be5 Ke8 68. Qb7 Kf8 69. Bf6 Kg8
70. Qg7# 1-0

[Event "ICS rated blitz match"]
[Site "207.99.83.227"]
[Date "1999.05.12"]
[Round "?"]
[White "Hossa"]
[Black "JudgeTurpin"]
[Result "0-1"]
[WhiteElo "2488"]
[BlackElo "2616"]
[Annotator "Crafty v16.6"]
[PlyCount "103"]

{annotating for player ossa using a scoring margin of +0.20 pawns. search time
limit is 1:00} 1. e4 1... g6 2. Nf3 c5 3. Be2 d6 4. d4 cxd4 5. Qxd4 Nf6 6. Qa4+
Nc6 7. O-O Bg4 8. Bg5 ({9:+0.44} 8. Bg5 8... Nd7 9. Qb3 Nc5 10. Qe3 Bg7 11. Nc3
O-O 12. Bh6 Bxh6 13. Qxh6 $14) ({9:+0.81} 8. Nc3 8... Qd7 9. Nd5 Rc8 10. Nxf6+
exf6 11. Bf4 g5 12. Bg3 Qe6 13. Bb5 Bxf3 14. gxf3 $16) 8... Nd7 9. Qb3 ({
9:+0.15} 9. Qb3 9... Bxf3 10. Qxf3 Nd4 11. Qd3 Bg7 12. Nc3 Nc5 13. Qc4 Nxe2+
14. Qxe2 14... O-O $10) ({9:+0.44} 9. Nd4 9... Bxe2 10. Nxe2 Nb6 11. Qb5 Bg7
12. Nbc3 O-O 13. Qd3 13... Rc8 $14) 9... Bxf3 10. Bxf3 Nd4 11. Qb4 ({10:-0.27} 
11. Qb4 11... Nxf3+ 12. gxf3 Bg7 13. Nc3 Qb6 14. Qb3 Ne5 15. Kg2 Qxb3 16. axb3
f6 17. Bf4 $10) ({10:+0.00} 11. Qe3 11... Qb6 12. Nc3 Nxc2 13. Qxb6 Nxb6 14.
Rac1 Nd4 15. Bd1 Bg7 16. Bg4 $10) 11... Nxf3+ 12. gxf3 Bg7 13. Nc3 a5 14. Qb3 (
{10:-0.46} 14. Qb3 14... Qc8 15. Nd5 e6 16. Nb6 Nxb6 17. Qxb6 Qc5 18. Qxc5 dxc5
19. Rab1 19... Kd7 $15) ({10:-0.25} 14. Qxb7 14... Rb8 15. Qc6 Qc8 16. Qxc8+
Rxc8 17. Bd2 Ne5 18. Kg2 Nc4 19. Bg5 19... Nxb2 $10) 14... a4 15. Qxb7 a3 16.
Nb5 ({9:-1.25} 16. Nb5 16... axb2 17. Rab1 O-O 18. Rfd1 Rb8 19. Qd5 Nb6 20. Qd3
20... Rc8 $17) ({9:-0.10} 16. Nd5 16... axb2 17. Rab1 Rb8 18. Qc6 Rc8 19. Qb7
Rxc2 20. Bxe7 20... Nc5 $10) 16... Rb8 17. Nc7+ ({10:-1.86} 17. Nc7+ 17... Kf8
18. Qa7 axb2 19. Rab1 Ne5 20. Na6 Rc8 21. Qe3 Rxc2 22. Nb4 22... Nc4 $19) ({
10:-1.31} 17. Qd5 17... axb2 18. Rab1 O-O 19. Rfd1 e6 20. Bxd8 exd5 21. Nxd6
Rbxd8 22. exd5 $17) 17... Kf8 18. Qa7 h6 19. Bh4 ({9:-1.86} 19. Bh4 19... Ne5
20. Bxe7+ Kxe7 21. Nd5+ Kf8 22. Qxa3 Rxb2 23. Qc3 Qg5+ 24. Kh1 Rb8 25. Qc7 $19)
({9:-1.54} 19. Bf4 19... axb2 20. Rab1 g5 21. Bg3 Rc8 22. Nd5 Rxc2 23. Qe3
23... Ke8 $19) 19... axb2 20. Rab1 Qc8 21. Nd5 g5 22. Bg3 Ra8 23. Qe3 Qxc2 24.
Nb4 ({9:-2.49} 24. Nb4 24... Qc3 25. Qxc3 Bxc3 26. Nd5 Bg7 27. Rfd1 Rxa2 28.
Nb4 28... Ra1 $19) ({9:-1.38} 24. Rfd1 24... Ne5 25. Bxe5 Bxe5 26. a3 Ra4 27.
Nb4 Qc5 28. Rd3 28... Kg7 $17) 24... Qa4 25. Qd2 Qa3 26. Qd5 Ke8 27. Rfe1 ({
9:-1.69} 27. Rfe1 27... Qa4 28. Re2 Rc8 29. Nd3 Nb6 30. Qb3 Qc4 31. Rd2 $19) ({
9:-1.40} 27. Rfd1 27... Qa5 28. Qb3 Qb5 29. f4 Rb8 30. a3 gxf4 31. Bxf4 31...
Qe2 $17) 27... Ra7 28. Nd3 Qxa2 29. Qb5 f5 30. Qxf5 ({9:-2.94} 30. Qxf5 30...
Bc3 31. Qb5 Bxe1 32. Rxe1 Qa1 33. Qxb2 Qxb2 34. Nxb2 34... Ra2 $19) ({9:-1.55} 
30. exf5 30... Bc3 31. Red1 Qa6 32. Qd5 Qb7 33. Qe6 Nf8 34. Qc4 $19) 30... Rf8
31. Qg6+ Qf7 32. Qxf7+ Rxf7 33. Nxb2 Rxf3 34. Nc4 Ra2 35. Kg2 Rd3 36. Red1 Rc3
37. Nb6 Nxb6 38. Rxb6 Rcc2 39. Rb7 g4 40. Rdb1 Bd4 41. Bh4 Bf6 42. Bg3 h5 43.
Rb8+ Kf7 44. R8b7 h4 45. Bxd6 Rxf2+ 46. Kg1 g3 47. Bxg3 Rg2+ 48. Kh1 hxg3 49.
Rd7 Rxh2+ 50. Kg1 Be5 51. Rd3 Rag2+ 52. Kf1 0-1

[Event "ICS rated blitz match"]
[Site "207.99.83.227"]
[Date "1999.05.12"]
[Round "?"]
[White "Secret"]
[Black "Hossa"]
[Result "1-0"]
[WhiteElo "2813"]
[BlackElo "2478"]
[Annotator "Crafty v16.6"]
[PlyCount "74"]

{annotating for player ossa using a scoring margin of +0.20 pawns. search time
limit is 1:00} 1. e4 1... e5 2. Nf3 Nf6 3. d4 exd4 4. e5 Ne4 5. Qxd4 d5 6. exd6
Nxd6 7. Nc3 Nc6 8. Qa4 Be7 9. Bd3 Bd7 10. O-O Ne5 11. Qf4 Nxd3 12. cxd3 O-O 13.
Re1 Be6 ({9:-0.13} 13... Be6 14. Nd4 Bc8 15. Nd5 Bh4 16. Nxc7 Bxf2+ 17. Qxf2
Qxc7 18. Bg5 $10) ({9:+0.10} 13... c6 14. Re5 Re8 15. Be3 Be6 16. Ng5 Bf6 17.
Rc5 Qe7 18. Nxe6 18... Qxe6 $10) 14. Bd2 Rc8 ({9:-0.24} 14... Rc8 15. Nd4 Bd7
16. Nd5 Bh4 17. g3 Be6 18. Qe5 Bxd5 19. Qxd5 $10) ({9:+0.12} 14... Nf5 15. Nb5
c5 16. Nc7 Bd6 17. Nxe6 Bxf4 18. Nxd8 18... Bxd2 $10) 15. Qa4 Re8 ({10:-0.43} 
15... Re8 16. Qxa7 Bf5 17. Re3 b6 18. Nd5 Nb5 19. Qb7 Bc5 20. Rxe8+ Qxe8 21.
Re1 $14) ({10:+0.17} 15... a6 16. Nd4 Bd7 17. Qa5 c5 18. Nd5 Bh4 19. Qxd8 Rcxd8
20. Nf3 Be6 21. Nxh4 21... Bxd5 $10) 16. Qxa7 Ra8 17. Qd4 Ra5 ({9:-0.64} 17...
Ra5 18. Bf4 c5 19. Qe3 Nf5 20. Qe4 20... Nd6 $14) ({9:-0.35} 17... Bf6 18. Qb4
Ra6 19. Be3 Bf5 20. Bc5 Bxd3 21. Rxe8+ Qxe8 22. Bxd6 Rxd6 23. Qxb7 $14) 18. a4
Rf5 19. Bf4 c5 20. Qe3 Rh5 21. Ne5 Qb6 22. a5 Qb4 23. Qe2 Rf5 24. Ra4 Qb3 25.
g4 Rf6 26. Ra3 Qb4 27. Bg5 Bb3 28. Bxf6 Bxf6 29. a6 bxa6 30. Rxa6 Qd4 ({
10:-5.45} 30... Qd4 31. Nc6 Qxg4+ 32. Qxg4 Rxe1+ 33. Kg2 g6 34. d4 cxd4 35.
Ra8+ Kg7 36. Nxd4 h5 37. Qf4 $18) ({10:+0.32} 30... Bxe5 31. Rxd6 Qb8 32. Qxe5
Rxe5 33. Rxe5 f5 34. Rdd5 Bxd5 35. Rxd5 Qxb2 36. Rxc5 36... fxg4 $15) 31. Nc6
Rxe2 32. Ra8+ Nc8 33. Rxc8+ Bd8 34. Nxd4 Rxe1+ 35. Kg2 Re8 36. Nxb3 Kh8 37.
Nxc5 Rg8 1-0

[Event "ICS rated blitz match"]
[Site "207.99.83.227"]
[Date "1999.05.12"]
[Round "?"]
[White "Hossa"]
[Black "Chemberlen"]
[Result "1-0"]
[WhiteElo "2474"]
[BlackElo "2398"]
[PlyCount "39"]

1. e4 e6 2. Nf3 d5 3. exd5 exd5 4. Bb5+ c6 5. Be2 Nf6 6. O-O Bd6 7. d4 Bg4 8.
Ng5 Bxe2 9. Qxe2+ Kf8 10. Nd2 Nbd7 11. c4 g6 12. c5 Bc7 13. Re1 Kg7 14. Qe7
Qxe7 15. Rxe7 Rhe8 16. Ne6+ Kg8 17. Nxc7 Rxe7 18. Nxa8 Re1+ 19. Nf1 Ne8 20. b4
{Chemberlen resigns} 1-0

[Event "ICS rated blitz match"]
[Site "207.99.83.227"]
[Date "1999.05.12"]
[Round "?"]
[White "stinky"]
[Black "Hossa"]
[Result "0-1"]
[WhiteElo "2220"]
[BlackElo "2487"]
[PlyCount "68"]

1. f4 Nf6 2. Nf3 e6 3. d4 Be7 4. e3 O-O 5. Bd3 Nc6 6. c3 d5 7. Nbd2 Ng4 8. Qe2
Bh4+ 9. g3 Be7 10. h3 Nh6 11. g4 f6 12. Nf1 e5 13. g5 fxg5 14. Nxe5 gxf4 15.
exf4 Bh4+ 16. Kd1 Nxe5 17. fxe5 Rf2 18. Qh5 Bf5 19. Bxf5 Nxf5 20. Rg1 Qe8 21.
Qxe8+ Rxe8 22. Rb1 Kh8 23. Ne3 Nxe3+ 24. Bxe3 Rh2 25. Rf1 Rxh3 26. Ke2 Kg8 27.
Rf5 Rf8 28. Rxf8+ Kxf8 29. Rf1+ Kg8 30. Kd2 Rh2+ 31. Kc1 Rg2 32. e6 Rg6 33. Bf4
Rf6 34. e7 34... Kf7 {stinky resigns} 0-1

[Event "ICS rated blitz match"]
[Site "207.99.83.227"]
[Date "1999.05.12"]
[Round "?"]
[White "Hossa"]
[Black "Grok"]
[Result "1-0"]
[WhiteElo "2493"]
[BlackElo "2389"]
[PlyCount "93"]

1. e4 e5 2. f4 exf4 3. Nf3 Ne7 4. d4 d5 5. e5 Bg4 6. Bxf4 Ng6 7. Bg3 Bb4+ 8. c3
Be7 9. Qb3 b6 10. Be2 O-O 11. O-O Nc6 12. Nbd2 Bg5 13. Bb5 Be3+ 14. Bf2 Bxf2+
15. Rxf2 Nge7 16. Raf1 a6 17. Bd3 Bf5 18. Qc2 Qd7 19. Ng5 g6 20. Bxf5 Nxf5 21.
Qd3 h6 22. Nh3 Rae8 23. Nf4 Ra8 24. Nh5 Qe6 25. Nf6+ Kg7 26. Qh3 Rab8 27. Rf4
Ra8 28. a4 Rab8 29. Kh1 Ra8 30. Nf3 Ra7 31. Rg4 Rh8 32. Nh5+ Kh7 33. Nf4 Qc8
34. Nxd5 Rd8 35. Nf6+ Kg7 36. Nh4 Nce7 37. Nxf5+ Nxf5 38. d5 Rb7 39. Rgf4 c6
40. d6 Qe6 41. Rxf5 gxf5 42. Qg3+ Kh8 43. Qf4 Kg7 44. Rf3 Qxf6 45. exf6+ Kxf6
46. Qxf5+ Kg7 47. Qf6+ {Grok resigns} 1-0

[Event "ICS rated blitz match"]
[Site "207.99.83.227"]
[Date "1999.05.12"]
[Round "?"]
[White "Hossa"]
[Black "JudgeTurpin"]
[Result "0-1"]
[WhiteElo "2504"]
[BlackElo "2635"]
[Annotator "Fritz 5.32 (30s)"]
[PlyCount "123"]

1. e4 1... e5 {Opening = C36 - 3.Nf3 d5} 2. f4 exf4 3. Nf3 d5 4. Nc3 dxe4 5.
Nxe4 Qe7 (5... Nf6 6. Nxf6+ Qxf6 7. d4 Bd6 8. Bd3 O-O 9. O-O Bg4 10. c3 Nc6 11.
Qc2 h6 12. Nd2 g5 13. Ne4 Qe7 14. Bd2 Rae8 15. Rae1 Qd8 16. b4 Be7 17. Kh1 f5
18. Nf2 Bf6 19. h3 Bh5 20. Bxf5 {
Conquest,S-Fox,A/op, Kilkenny IRL 1996/1-0 (35)}) 6. Qe2 Bg4 7. d3 $146 (7. d4
Nd7 8. Bxf4 h6 9. Bxc7 Qe6 10. d5 Bxf3 11. gxf3 Bb4+ 12. c3 Bxc3+ 13. bxc3 Qf5
14. Nd6+ {1-0 Wall,B-Stauffer,A/Dayton OH 1982 (14)}) 7... Bxf3 8. gxf3 (8.
Qxf3 $2 8... f5 $19) 8... Nc6 9. Bxf4 O-O-O 10. Bh3+ Kb8 11. O-O-O $15 (11. Bg5
f6 12. Be3 12... f5 $15) 11... Qh4 12. Bg4 {Droht entscheidend Bg5} 12... Qe7
$11 (12... g6 13. Kb1 Bh6 14. Bg3 $15) 13. Qd2 h5 14. Bh3 Nd4 (14... g6 15. Be3
$11) 15. Rhf1 Qe8 16. Rde1 Qc6 17. c3 {Befestigt b4} 17... Ne6 18. Bxe6 Qxe6 ({
Schwaecher scheint} 18... fxe6 19. Ng5 Re8 20. Re4 $16) 19. Kb1 Qf5 20. d4 Ne7
21. Be5 $15 (21. Be3 21... Nd5 $11) 21... f6 22. Bg3 h4 23. Bf4 Nd5 24. Be3 h3
25. Qc2 Re8 26. Qb3 Bd6 27. Bg1 c6 28. Ka1 Bc7 29. c4 Nb6 30. Re2 30... Qd7 $14
(30... Qg6 31. Rd2 $11) 31. Rfe1 Qf7 32. Nc5 $17 (32. d5 $14 $142 {
damit waere Weiss im Spiel geblieben}) 32... Rxe2 {Droht Matt: Rxe1} 33. Rxe2
Re8 (33... Qxc4 $4 {vergiftet...} 34. Nd7+ $3 {eine logische Fortsetzung} 34...
Nxd7 35. Qxc4 $18) 34. Be3 Bd6 (34... Qxc4 $4 {
Schwarz schlaegt einen vergifteten Bauern} 35. Nd7+ $3 {das kroenende Opfer}
35... Nxd7 36. Qxc4 $18) 35. Rc2 Qh5 36. Qa3 36... Qf5 $11 (36... Bxc5 $142 37.
dxc5 Nd7 38. Bf4+ 38... Ka8 $17) 37. Na6+ bxa6 38. Qxd6+ Kb7 39. Bf4 {
Es droht Matt} 39... Re1+ 40. Rc1 {Droht Matt} 40... Rxc1+ 41. Bxc1 Qxf3 42.
Qe7+ Kb8 43. Qf8+ Nc8 44. Qxg7 44... Qf1 {Mit der Mattdrohung Qxc1} 45. Qh6
45... Ne7 $14 (45... Qxc4 46. Bf4+ Kb7 47. Qh7+ Kb6 48. Qxh3 $11) 46. Qf4+
46... Qxf4 {Mit der Mattdrohung Qxc1} 47. Bxf4+ Kb7 48. Bd6 $15 (48. Be3 Nf5
49. Bf2 49... Nd6 $14) 48... Nf5 49. Bc5 Ne3 50. b3 50... f5 {
Schwarz ergreift die Initiative} 51. d5 $17 (51. Bd6 $5 {kam sehr in Betracht}
51... Nc2+ 52. Kb2 Nxd4 53. Kc3 $15) 51... Ng4 52. d6 $2 $19 (52. Bd6 $15 $142
{sieht noch spielbar aus}) 52... Kc8 {Mit der Absicht f4} (52... Nxh2 {
ist deutlich schlechter} 53. d7 Kc7 54. Bd6+ Kxd7 55. Bxh2 $18) 53. Bg1 (53.
Bxa7 {holt die Kuh nicht vom Eis} 53... f4 (53... Nxh2 $143 54. d7+ Kxd7 55.
Bb8 $19) 54. Bg1 Nxh2 55. Bxh2 55... f3 $19) 53... f4 {Schwarz droht Nxh2} 54.
b4 (54. Kb2 {kann das Vorangegangene nicht ungeschehen machen} 54... Nxh2 $1 {
huebsch} 55. Bxh2 55... f3 $19) 54... f3 (54... Nxh2 $142 {
ist der schnellste Weg} 55. d7+ Kxd7 56. Bxh2 $19) 55. Bxa7 (55. b5 axb5 56.
cxb5 cxb5 57. Kb2 Nxh2 58. d7+ (58. Bxh2 $4 58... f2 $19) 58... Kxd7 59. Kc3
$19) 55... Nxh2 56. b5 56... axb5 {Mit der Idee Ng4} 57. Kb2 Ng4 58. a4 h2 59.
cxb5 h1=Q 60. bxc6 Qh2+ 61. Kb3 Qxd6 62. a5 0-1

[Event "ICS Rated blitz match"]
[Site "207.99.83.227"]
[Date "1999.05.13"]
[Round "?"]
[White "RedBear"]
[Black "Hossa"]
[Result "1-0"]
[WhiteElo "2492"]
[BlackElo "2494"]
[Annotator "Crafty v16.6"]
[PlyCount "91"]

{annotating for player ossa using a scoring margin of +0.20 pawns. search time
limit is 1:00} 1. e4 1... e5 2. Nf3 Nf6 3. Nxe5 Qe7 4. d4 d6 5. Nf3 Qxe4+ 6.
Be2 Bf5 7. c3 Be7 8. O-O O-O 9. Na3 Nbd7 10. Ng5 Qc6 11. Re1 Rae8 12. Bb5 Qb6
13. Qf3 Bg4 14. Qd3 d5 15. Bxd7 Bxd7 16. Nc2 Bd6 17. Rxe8 Rxe8 18. Ne3 Bf4 19.
Nf3 Bxe3 20. Bxe3 Qxb2 21. Rb1 Qxa2 22. Rxb7 Bc8 ({10:+0.21} 22... Bc8 23. Rxc7
Ba6 24. Qd1 Be2 25. Qd2 Qa5 26. Rc5 Qa1+ 27. Ne1 Qd1 28. Qxd1 28... Bxd1 $10) (
{10:+0.54} 22... Bg4 23. Rxc7 Bxf3 24. gxf3 a5 25. Ra7 h6 26. Bf4 Re1+ 27. Kg2
Re2 28. Rxa5 28... Rxf2+ $15) 23. Rxc7 Qa5 ({10:+0.02} 23... Qa5 24. Rc5 Qa1+
25. Qf1 Qxf1+ 26. Kxf1 Be6 27. Ne5 Rb8 28. Ra5 Rb7 29. Ke2 29... Ne4 $10) ({
10:+0.61} 23... Ne4 24. h3 Qa1+ 25. Qf1 Qa5 26. Bf4 Nxc3 27. Qd3 Qa1+ 28. Kh2
Ne4 29. Ng5 $15) 24. Bf4 Bg4 25. Qf1 Bxf3 26. gxf3 Qb6 27. h4 Nh5 28. Be5 Nf6
29. Bf4 a6 30. Qd3 Re1+ ({10:+0.27} 30... Re1+ 31. Kg2 Ne8 32. Rd7 Qe6 33. Ra7
Ra1 34. Qe3 Ra2 35. Qxe6 fxe6 36. h5 $10) ({10:+0.53} 30... Qe6 31. Kg2 Nh5 32.
Bg3 Ra8 33. Qe3 a5 34. Qxe6 fxe6 35. Re7 35... Rc8 $15) 31. Kg2 Ne8 32. Rc8 g6
33. Be5 Kf8 34. c4 f6 35. Qd2 Qe6 36. Rb8 Rxe5 37. Qh6+ Kg8 38. dxe5 Qxe5 39.
Rb7 Nc7 40. cxd5 a5 41. Qc1 Ne8 42. Qc8 g5 43. Qd7 Qe7 44. Qxe7 Nc7 45. Rb8+
Ne8 46. Rxe8# 1-0

[Event "ICS rated blitz match"]
[Site "207.99.83.227"]
[Date "1999.05.13"]
[Round "?"]
[White "Hossa"]
[Black "nimraz"]
[Result "1-0"]
[WhiteElo "2478"]
[BlackElo "2194"]
[PlyCount "83"]

1. e4 c5 2. Nc3 Nc6 3. Nf3 g6 4. Bc4 Bg7 5. d3 e6 6. O-O a6 7. Be3 b5 8. Bb3
Nd4 9. e5 Nxb3 10. axb3 Bb7 11. Bxc5 Ne7 12. Ne4 Nf5 13. Bb4 Bxe4 14. dxe4 Nh4
15. Nxh4 Qxh4 16. Qd4 Qf4 17. Rfd1 Rd8 18. Bd6 h5 19. Bc7 O-O 20. g3 Qg4 21.
Bxd8 Rxd8 22. Rd2 h4 23. Rxa6 h3 24. f4 d5 25. Qb6 Rf8 26. exd5 exd5 27. Qxb5
g5 28. Qxd5 gxf4 29. Qe4 Qc8 30. Rc6 Qa8 31. Qa4 Qb7 32. gxf4 Ra8 33. Qc4 Ra1+
34. Kf2 Qa7+ 35. Qd4 Qb7 36. Qd8+ Bf8 37. Qg5+ Kh7 38. Qf5+ Kg8 39. Qg4+ Kh7
40. Qxh3+ Kg8 41. Qg2+ Bg7 42. Rd8+ {nimraz resigns} 1-0

[Event "ICS rated blitz match"]
[Site "207.99.83.227"]
[Date "1999.05.13"]
[Round "?"]
[White "Divtasvuodna"]
[Black "Hossa"]
[Result "0-1"]
[WhiteElo "2148"]
[BlackElo "2483"]
[PlyCount "66"]

1. d4 Nf6 2. Nf3 e6 3. Bg5 Be7 4. e3 c5 5. c3 cxd4 6. exd4 O-O 7. Bd3 d5 8. O-O
Nc6 9. Nbd2 Qd6 10. Qe2 Ng4 11. Bxe7 Qxe7 12. h3 Nf6 13. Rae1 Qc7 14. Bb1 Bd7
15. Ne5 Rac8 16. Ndf3 Qb6 17. Qd3 Nxe5 18. Nxe5 Bb5 19. Qc2 Rfe8 20. g4 Bxf1
21. g5 Bxh3 22. gxf6 Bf5 23. Qe2 gxf6 24. Qh5 fxe5 25. Bxf5 exf5 26. Re3 exd4
27. Rg3+ Kh8 28. Qxf7 Rg8 29. Qxf5 Rxg3+ 30. fxg3 dxc3+ 31. Kh1 Qh6+ 32. Kg2
Rf8 33. Qe5+ 33... Qf6 {Divtasvuodna resigns} 0-1

[Event "ICS rated blitz match"]
[Site "207.99.83.227"]
[Date "1999.05.13"]
[Round "?"]
[White "xypher"]
[Black "Hossa"]
[Result "1-0"]
[WhiteElo "2817"]
[BlackElo "2487"]
[Annotator "Crafty v16.6"]
[PlyCount "76"]

{annotating for player ossa using a scoring margin of +0.20 pawns. search time
limit is 1:00} 1. Nf3 1... d5 2. d4 Nf6 3. e3 e6 4. c4 Be7 5. Nc3 O-O 6. Bd3
dxc4 7. Bxc4 Nc6 8. O-O a6 9. a3 Qd6 10. e4 e5 11. d5 Nb8 12. Qc2 Bg4 13. Be2
Nbd7 14. Nh4 Rae8 15. Na4 Nb8 16. Bxg4 Nxg4 17. Nf5 Qd7 18. Nxe7+ Qxe7 19. f3
Nf6 20. Bd2 a5 21. Bxa5 Na6 22. Rfc1 Rc8 23. b4 Qd7 24. Rab1 b6 25. b5 bxa5 26.
bxa6 Rfd8 ({10:-2.81} 26... Rfd8 27. Qc6 Qxc6 28. Rxc6 Kf8 29. Rb5 Ng8 30. Rxa5
Ne7 31. Rcc5 31... f5 $18) ({10:-2.31} 26... Ra8 27. Qc6 Qe7 28. Rc5 Nd7 29.
Qxc7 Rxa6 30. Rb7 Rd8 31. Rxa5 Rxa5 32. Qxa5 $18) 27. Rb7 Ne8 ({11:-4.76} 27...
Ne8 28. Nb6 Qe7 29. Nxc8 Rxc8 30. a7 Ra8 31. Rb8 Rxa7 32. Qc6 Kf8 33. Rxe8+
Qxe8 34. Qc5+ Qe7 35. Qxa7 $18) ({11:-2.57} 27... Qd6 $18) 28. Nb6 cxb6 ({
12:-7.40} 28... cxb6 29. Rxd7 Rxc2 30. Rxd8 Rxc1+ 31. Kf2 Rc2+ 32. Kg3 f5 33.
a7 Kf7 34. a8=Q Nf6 35. Qb7+ Kg6 36. Qxb6 f4+ 37. Kh3 37... a4 $18) ({12:-6.16
} 28... Qd6 29. Nxc8 Rxc8 30. a7 c5 31. Qb2 Nc7 32. Qb6 Qxb6 33. Rxb6 Na8 34.
Rxc5 34... Rd8 $18) 29. Rxd7 Rxc2 30. Rxd8 Rxc1+ 31. Kf2 Rc2+ 32. Kg3 f5 33. a7
f4+ 34. Kg4 Rxg2+ 35. Kf5 Kf7 36. a8=Q h6 37. Qb7+ Kg8 38. Rxe8+ Kh7 1-0

[Event "ICS rated blitz match"]
[Site "207.99.83.227"]
[Date "1999.05.13"]
[Round "?"]
[White "Hossa"]
[Black "nimraz"]
[Result "1-0"]
[WhiteElo "2483"]
[BlackElo "2186"]
[PlyCount "85"]

1. e4 e6 2. Nf3 c5 3. Nc3 Nc6 4. Bb5 Qb6 5. O-O a6 6. Ba4 Qc7 7. d3 b5 8. Bb3
Bb7 9. Re1 d6 10. Bd2 Nf6 11. a4 b4 12. Na2 a5 13. c3 Be7 14. cxb4 axb4 15. d4
cxd4 16. Nxb4 Nxb4 17. Bxb4 e5 18. Bc2 O-O 19. b3 Rab8 20. Rc1 Qd7 21. Ba3 Qg4
22. Nxe5 Qf4 23. Nd3 Qh4 24. g3 Qh6 25. Nf4 Rfe8 26. b4 Nd7 27. Qxd4 Ne5 28.
Qd1 Bc8 29. Rf1 g5 30. Nd5 Qh3 31. Nxe7+ Rxe7 32. f4 Ng4 33. Qe2 Ba6 34. b5
Rxb5 35. axb5 Bxb5 36. Qd2 Bxf1 37. Rxf1 Rc7 38. Bd1 Rc3 39. Bxg4 Rxg3+ 40.
hxg3 Qxg3+ 41. Qg2 Qxa3 42. fxg5 Qe3+ 43. Qf2 {nimraz resigns} 1-0